000 00616nam a2200229Ia 4500
001 dia_1883
003 CHAP
005 20251023153127.0
008 220117s1974 xx 000 0 und d
010 _a172420
040 _cCHAP
082 _a633.2 M3
100 _aMays, D. A.
_9151765
245 _aForage fertilization. /
_c by d.a mays
260 _aU.s.a. :
_b american society of agronomy,
_c1974
300 _a621 p
600 _aplantas forrajeras. i.t
_9151766
901 _a633.2 M3
902 _aM
905 _a0000001974 USAX 0000000000ING00
942 _cLIBRO
_2ddc
999 _c172420
_d172420